Formula 1: Drivers Who Beat Them - Ayrton Senna - Statistics

General Stats
  • This quiz has been taken 34 times
  • The average score is 8 of 11
Answer Stats
Beat them in: Answer Nationality % Correct
1992 Michael Schumacher Germany
100%
1984-1986, 1989, 1993 Alain Prost France
96%
1984, 1986-1987 Nelson Piquet Brazil
96%
1985-1987, 1992 Nigel Mansell UK
96%
1984 Niki Lauda Austria
93%
1984-1985 Keke Rosberg Finland
74%
1984-1985 Michele Alboreto Italy
59%
1984 René Arnoux France
59%
1992 Riccardo Patrese Italy
59%
1984 Elio de Angelis Italy
56%
1984 Derek Warwick UK
26%
No matching quizzes found
Score Distribution
Percent of People with Each Score
Percentile by Number Answered
Your Score History
You have not taken this quiz